Alle Benny Jamz sange - Statistics

General Stats
  • This quiz has been taken 3 times
  • The average score is 13 of 116
Answer Stats
Hint Answer % Correct
Ny Sejr Ny Sejr
100%
KENNY Reposado
100%
1010 1010
50%
Ny Sejr Alting
50%
Single Bipolar
50%
Calirose Caribiske Kyster
50%
Mere End Musik Dyckman
50%
Calirose Es Go
50%
KENNY Eurobando
50%
1010 Flytilstand
50%
JAMO FOKUS
50%
Mere End Musik Ibiza
50%
Ny Sejr Kold Sport
50%
Ny Sejr Komma
50%
Mere End Musik Miami
50%
Ny Sejr | Single Noget Med Noget
50%
KENNY På Et Døgn
50%
KENNY Peace & Love
50%
Mere End Musik Perspektiv
50%
Single Pilot
50%
Ny Sejr Rice & Peas
50%
Ny Sejr Tudo Bem
50%
JAMO VI VARME
50%
Calirose 10 Dage
0%
Single 2 Stepper Freestyle
0%
1010 Alarm
0%
Calirose Aldrig Ro
0%
Single Allesammen Alene
0%
1010 Automatic
0%
1010 Balou
0%
Calirose Båret Af 6
0%
1010 Bedste Ven
0%
JAMO BENZEMA
0%
Single BETALT
0%
En gammel Højer Øye EP i sammarbejde med Raske Penge og 2000F som har 5 versioner af samme sang på, EP'en hedder det samme som sangen Blæst Igen
0%
Calirose Blod & Tårer
0%
Single B.O. Bop
0%
KENNY Booty Up
0%
KENNY Bottega
0%
JAMO BRUG FOR
0%
Calirose Calirose Freestyle
0%
Single Cardi B
0%
Mere End Musik Casino
0%
KENNY Chicagenhagen
0%
Single De Forbudte Trin
0%
KENNY Denim
0%
Single Det Okay
0%
Mere End Musik Dexter
0%
Single Domino
0%
JAMO DRACULINDA
0%
Single Elo Elo
0%
KENNY Et Tegn
0%
Single Europa Life
0%
JAMO FOUR SEASONS
0%
KENNY Freak
0%
1010 Fugazi
0%
JAMO GAS
0%
Single Gelato
0%
KENNY Hagen City
0%
Mere End Musik Hajde
0%
1010 Halle Berry
0%
Ny Sejr Helt Alene
0%
Calirose Hvad?
0%
Single Hvad Vi Vil
0%
JAMO HVOR ER DU NU
0%
Mere End Musik Igennem Årene
0%
Calirose Ik' Noget Problem
0%
Mere End Musik Ik Så Meget
0%
Mere End Musik Kalder På Dig
0%
Single Koldt Herinde
0%
Mere End Musik Laffy Taffy
0%
Calirose Leopard
0%
Mere End Musik Lifestyle
0%
JAMO MASKOT
0%
JAMO MINUTTER
0%
Single Mozart
0%
KENNY Mula
0%
Single No Love
0%
JAMO NORMAL
0%
1010 Ny Sæson
0%
JAMO OASIS
0%
1010 Oktober
0%
Ny Sejr Onde Øjne
0%
Single Orange Freestyle
0%
Ny Sejr Palermo
0%
Calirose Poptard
0%
Single Reposado Remix
0%
Single Rundt
0%
Single Savannah
0%
1010 | Single Sektion
0%
Mere End Musik Shoebox Money
0%
1010 Shopping
0%
Calirose Sjæleven
0%
Single Spark
0%
KENNY Stressfri
0%
Single Sympati
0%
JAMO TÆNK PÅ JER
0%
JAMO TILBAGE
0%
KENNY Tillid
0%
Single Tjep
0%
Calirose Topfart
0%
Calirose Topspiller
0%
1010 Torden
0%
Single Tracksuit
0%
Ny Sejr Trauma
0%
Single Under Radar
0%
Single Uuh
0%
Single Vakuum
0%
Ny Sejr Visit
0%
1010 Wagwan
0%
JAMO WAVEY
0%
Single Wawa
0%
Calirose Woodstock
0%
Ny Sejr Young Habibi
0%
No matching quizzes found
Score Distribution
Percent of People with Each Score
Percentile by Number Answered
Your Score History
You have not taken this quiz